<?xml version="1.0" encoding="UTF-8"?>
<marc:record xmlns:marc="http://www.loc.gov/MARC21/slim">
   <marc:leader>00000nam a2200000 a 4500</marc:leader>
   <marc:datafield ind1="1" ind2=" " tag="100">
      <marc:subfield code="a">Wengert, Veronika</marc:subfield>
      <marc:subfield code="4">aut</marc:subfield>
      <marc:subfield code="e">Verfasser/-in</marc:subfield>
   </marc:datafield>
   <marc:datafield ind1="1" ind2=" " tag="100">
      <marc:subfield code="a">Schetar, Daniela</marc:subfield>
      <marc:subfield code="4">aut</marc:subfield>
      <marc:subfield code="e">Verfasser/-in</marc:subfield>
   </marc:datafield>
   <marc:datafield ind1=" " ind2=" " tag="653">
      <marc:subfield code="a">Kartäuserkloster Zice</marc:subfield>
   </marc:datafield>
   <marc:datafield ind1=" " ind2=" " tag="653">
      <marc:subfield code="a">Ljubljana</marc:subfield>
   </marc:datafield>
   <marc:datafield ind1=" " ind2=" " tag="653">
      <marc:subfield code="a">Maribor</marc:subfield>
   </marc:datafield>
   <marc:datafield ind1=" " ind2=" " tag="653">
      <marc:subfield code="a">Museum von Unterkrain</marc:subfield>
   </marc:datafield>
   <marc:datafield ind1=" " ind2=" " tag="653">
      <marc:subfield code="a">Piran</marc:subfield>
   </marc:datafield>
   <marc:datafield ind1=" " ind2=" " tag="653">
      <marc:subfield code="a">Savica-Fall</marc:subfield>
   </marc:datafield>
   <marc:datafield ind1=" " ind2=" " tag="653">
      <marc:subfield code="a">Vrsic-Pass</marc:subfield>
   </marc:datafield>
   <marc:datafield ind1=" " ind2=" " tag="653">
      <marc:subfield code="a">Adelberger Grotte</marc:subfield>
   </marc:datafield>
   <marc:datafield ind1=" " ind2=" " tag="653">
      <marc:subfield code="a">Alpines Museum</marc:subfield>
   </marc:datafield>
   <marc:datafield ind1=" " ind2=" " tag="653">
      <marc:subfield code="a">Bled</marc:subfield>
   </marc:datafield>
   <marc:datafield ind1=" " ind2=" " tag="653">
      <marc:subfield code="a">Burg Luegg</marc:subfield>
   </marc:datafield>
   <marc:datafield ind1=" " ind2=" " tag="653">
      <marc:subfield code="a">Burg Otocec</marc:subfield>
   </marc:datafield>
   <marc:datafield ind1=" " ind2=" " tag="653">
      <marc:subfield code="a">Dreifaltigkeitskirche in Hrastovlje</marc:subfield>
   </marc:datafield>
   <marc:datafield ind1=" " ind2=" " tag="653">
      <marc:subfield code="a">Gestüt Lipica</marc:subfield>
   </marc:datafield>
   <marc:datafield ind1=" " ind2=" " tag="653">
      <marc:subfield code="a">Grotten von Skocjan</marc:subfield>
   </marc:datafield>
   <marc:datafield ind1=" " ind2=" " tag="653">
      <marc:subfield code="a">Hochalmen der Velika Planina</marc:subfield>
   </marc:datafield>
   <marc:datafield ind1=" " ind2=" " tag="653">
      <marc:subfield code="a">Softcover / Reisen/Reiseführer/Europa</marc:subfield>
   </marc:datafield>
   <marc:datafield ind1=" " ind2=" " tag="653">
      <marc:subfield code="a">Bohinj;Lipica;Ljubljana;Piran;Adria;Nationalpark Triglav;Maribor;Julischen Alpen;Höhlrn von Postojna;Jugoslawien</marc:subfield>
   </marc:datafield>
   <marc:datafield ind1=" " ind2=" " tag="653">
      <marc:subfield code="a">Adria;Bohinj;Höhlen von Postojna;Jugoslawien;Julischen Alpen;Lipica;Ljubljana;Maribor;Nationalpark Triglav;Piran</marc:subfield>
   </marc:datafield>
   <marc:datafield ind1="0" ind2="0" tag="245">
      <marc:subfield code="a">Slowenien</marc:subfield>
   </marc:datafield>
   <marc:datafield ind1="0" ind2="0" tag="245">
      <marc:subfield code="c">Veronika Wengert, Daniela Schetar, Friedrich Köthe</marc:subfield>
   </marc:datafield>
   <marc:datafield ind1=" " ind2="1" tag="264">
      <marc:subfield code="a">Ostfildern</marc:subfield>
      <marc:subfield code="b">MAIRDUMONT</marc:subfield>
      <marc:subfield code="c">2021</marc:subfield>
   </marc:datafield>
   <marc:datafield ind1="1" ind2=" " tag="490">
      <marc:subfield code="a">MARCO POLO Reiseführer</marc:subfield>
   </marc:datafield>
   <marc:datafield ind1=" " ind2=" " tag="250">
      <marc:subfield code="a">9. Auflage</marc:subfield>
   </marc:datafield>
   <marc:datafield ind1="1" ind2=" " tag="520">
      <marc:subfield code="a">Angaben aus der Verlagsmeldung

MARCO POLO Reiseführer Slowenien : Reisen mit Insider-Tipps. Inklusive kostenloser Touren-App / von Friedrich Köthe, Daniela Schetar

Kompakte Informationen, Insider-Tipps, Erlebnistouren und digitale Extras:
Entdecken Sie mit MARCO POLO die vielfältige Schönheit dieses kleinen Landes - mit dem MARCO POLO Reiseführer kommen Sie sofort in Slowenien an. Erfahren Sie, welche Highlights Sie neben der hippen Hauptstadt Ljubljana, unzähligen Schlössern, Höhlen und Grotten sowie dem Lipizzanergestüt nicht verpassen dürfen, wo Sie die schönsten Wandergebiete finden und dass Sie auf einer stillgelegten Bahntrasse vorzüglich Rad fahren können.
Die Insider-Tipps der Autoren lassen Sie Slowenien individuell und authentisch erleben und mit den Low-Budget- Tipps sparen Sie bares Geld. Erkunden Sie Slowenien in all seinen Facetten mit den maßgeschneiderten MARCO POLO Erlebnistouren. Das speziell dafür entwickelte Design sorgt - schon beim Lesen und umso mehr vor Ort - für größtmögliche Orientierung.
Die kostenlose Touren-App führt Sie digital (und ohne Roaminggebühren) auf den besonderen Wegen der Erlebnistouren. Und Events&amp;News mit aktuellen Veranstaltungen (Ausstellungen&lt;(&gt;,&lt;)&gt; Konzerten, Festivals, Sportevents...) für die nächsten 3 Monate, brandaktuellen Informationen zu den Printinhalten und zusätzlichen Insider-Tipps hält Sie immer auf dem neuesten Stand. In jedem Band gibt es einen übersichtlichen Reiseatlas und eine herausnehmbare Faltkarte - in beide sind natürlich die Erlebnistouren eingetragen.
</marc:subfield>
   </marc:datafield>
   <marc:datafield ind1=" " ind2=" " tag="020">
      <marc:subfield code="a">9783829751025</marc:subfield>
      <marc:subfield code="9">9783829751025</marc:subfield>
   </marc:datafield>
   <marc:datafield ind1=" " ind2=" " tag="020">
      <marc:subfield code="a">3829751028</marc:subfield>
      <marc:subfield code="9">3829751028</marc:subfield>
   </marc:datafield>
   <marc:datafield ind1=" " ind2=" " tag="041">
      <marc:subfield code="a">ger</marc:subfield>
   </marc:datafield>
   <marc:datafield ind1=" " ind2=" " tag="300">
      <marc:subfield code="a">144 Seiten</marc:subfield>
   </marc:datafield>
</marc:record>
